000 00201 a2200097 4500
001 42976
100 _aYousf
245 _aSaladin
260 _aLahore
_bIslamic book service
_c
090 _c26853
_d26853
942 _aNUST-CAE
_cM
_c18728
999 _c278049
_d278049